Paroles - Le soleil et la lune - Charles Trenet - Statistiques

Statistiques générales
  • Ce quiz a été pris 119 fois
  • Le résultat moyen est 348 sur 490
Statistiques - réponses
Paroles % Correct
a
100%
à
100%
avec
100%
la
100%
100%
La
100%
là,
100%
le
100%
Le
100%
le,
100%
lune
99%
soleil
99%
Mais
97%
mais
97%
ne
97%
pas
97%
rendez-
97%
vous
97%
et
96%
n'est
92%
est
89%
l'attend
88%
voit
86%
sa
85%
sait
82%
il
79%
Il
79%
pour
78%
Pour
78%
de
75%
en
75%
nuit
75%
qui
68%
Qui
68%
se
67%
ça,
65%
chacun
65%
Chacun
65%
faire
65%
chacune
64%
Des
63%
des
63%
faut
63%
lui
63%
Quand
63%
61%
un
61%
Que
60%
que
60%
les
58%
Les
58%
par
58%
toujours
58%
autant
57%
jour
57%
trouver,
57%
trouver
57%
doit
56%
je
56%
mon
56%
on
56%
va
54%
Ici-
51%
s'en
51%
Si
51%
Tous
51%
tous
51%
tout
51%
du
50%
bas
49%
ces
49%
dit-
49%
dit
49%
nous
49%
ta
49%
Sur
47%
sur
47%
peu
44%
dans
43%
plus
43%
qu'il
43%
toi
42%
vu
42%
moi
39%
C'est
38%
cette
38%
luit
36%
près
36%
Papa
35%
part,
35%
alors
32%
fait
32%
monde
32%
Puis
32%
Bien
29%
bien
29%
sais,
29%
aux
28%
chats,
28%
chats
28%
fin
28%
toit
28%
astre
26%
chœur
25%
vis
25%
amie
24%
gens
24%
j'attends
24%
vent
24%
venue
24%
fort
22%
voilà
22%
bonheur
21%
croit
21%
pluie
21%
savants
21%
souvent
21%
était
19%
l'hôtel
19%
voici,
19%
chansons
18%
mieux
18%
n'importe
18%
partout
18%
revient,
18%
toits
18%
volage
18%
voyage,
18%
voyage
18%
avertis
17%
chanter
17%
écoutez
17%
l'appel
17%
loin,
17%
Philosophes,
17%
phrase
17%
Annonçaient
15%
Cherchez-
15%
professeurs
15%
s'ennuient
15%
traduis
15%
voix
15%
aveux
14%
avis,
14%
devant
14%
journaux
14%
pris
14%
répètent
14%
ronde
14%
s'enfuit
14%
affolés
13%
docteurs,
13%
demandaient
11%
émouvants
11%
Entonnèrent
11%
termes
11%
meurt
10%
subito
10%
agents
8%
commentaient
8%
s'efface,
6%
Aucun quiz correspondant
Distribution des résultats
% des personnes avec chaque résultat
Percentile par nombre de réponses
Votre historique - résultats
Vous n’avez pas pris ce quiz